Income Tax Legislation / (Record no. 782)

MARC details
000 -LEADER
fixed length control field 00548nam a22001697a 4500
005 - DATE AND TIME OF INPUT
control field 20231120073553.0
008 - DATA ELEMENTS--GENERAL INFORMATION
fixed length control field 231120b |||||||| |||| 00| 0 eng d
020 ## - INTERNATIONAL STANDARD BOOK NUMBER
International Standard Book Number 9780409078633 ; 9780409078640
041 ## - LANGUAGE CODE
Language code of text English
082 ## - SHELF NUMBER
DDC number 343.4 INC
100 ## - MAIN AUTHOR
Main author's name LexisNexis editorial staff /
Language of a work English
245 ## - TITLE STATEMENT
Title Income Tax Legislation /
Statement of responsibility, etc. LexisNexis editorial staff
260 ## - PUBLICATION, DISTRIBUTION, ETC.
Place of publication, distribution, etc. Durban :
Name of publisher, distributor, etc. LexisNexis (Pty) Ltd,
Date of publication, distribution, etc. 2015
300 ## - PHYSICAL DESCRIPTION
Other physical details vii, 475 pages ;
Dimensions 25 cm.
650 ## - SUBJECT`
Broad subject Legal practice
Own subject terms Law
942 ## - ADDED ENTRY ELEMENTS (KOHA)
Item type Books
942 ## - ADDED ENTRY ELEMENTS (KOHA)
-- ALISON_BN_VRIES
Holdings
Source of classification or shelving scheme Not for loan Collection code Home library Current library Shelving location Date acquired Full call number Barcode Price effective from Koha item type
Dewey Decimal Classification   TEXT BOOKS LAW SOCIETY OF NAMIBIA LIBRARY - WINDHOEK LAW SOCIETY OF NAMIBIA LIBRARY - WINDHOEK Income tax reporter (tax) 11/20/2023 343.4 INC LSN/2015/28 11/20/2023 Books